Gaining and sustaining competitive advantage
Salvato in:
| Autore principale: | |
|---|---|
| Natura: | Libro |
| Lingua: | inglese |
| Pubblicazione: |
Upper Saddle River
Pearson
2011
|
| Edizione: | 4th ed. |
| Soggetti: | |
| Tags: |
Nessun Tag, puoi essere il primo ad aggiungerne!!
|
MARC
| LEADER | 00000nam a2200000 4500 | ||
|---|---|---|---|
| 001 | 0143075 | ||
| 005 | 20240517105152.2 | ||
| 020 | |a 978-0-13-247906-6 | ||
| 020 | |a 0-13-247906-0 | ||
| 041 | 0 | |a eng | |
| 044 | |a US | ||
| 245 | 1 | 0 | |a Gaining and sustaining competitive advantage |c Jay B. Barney |
| 250 | |a 4th ed. | ||
| 264 | 1 | |a Upper Saddle River |b Pearson |c 2011 | |
| 300 | |a xv, 495 s. | ||
| 610 | 2 | 0 | |a stratégia podnikateľská |
| 610 | 2 | 0 | |a stratégia podniková |
| 610 | 2 | 0 | |a konkurencieschopnosť |
| 610 | 2 | 0 | |a analýzy |
| 100 | 1 | |a Barney, Jay B. | |